[Event "Budapest FS08 GM"]
[Site "Budapest"]
[Date "1999.08.10"]
[Round "4"]
[White "Lukacs, Peter"]
[Black "Skytte, Rasmus"]
[Result "1-0"]
[WhiteElo "2475"]
[BlackElo "2338"]

1.d4 d5 2.c4 dxc4 3.Nf3 e6 4.e3 Nf6 5.Bxc4 c5 6.O-O cxd4 7.exd4 Nc6 8.Nc3 Be7
9.Re1 O-O 10.a3 b6 11.Ba2 Bb7 12.Qd3 Rc8 13.Bg5 Nd5 14.Bb1 g6 15.Bh6 Re8
16.Nxd5 Qxd5 17.Ba2 Qh5 18.Qe3 Bf6 19.d5 Nd8 20.d6 Rc5 21.Bf4 Bxf3 22.gxf3 Nc6
23.Rad1 Ne5 24.Kg2 Nd7 25.b4 Rcc8 26.Rc1 Kg7 27.Rc7 Rxc7 28.dxc7 Qb5 29.Rc1 Rc8
30.Bc4 Qa4 31.Qd3 Ne5 32.Bxe5 Bxe5 33.Bxe6  1-0

[Event "MK Cafe Cup-B"]
[Site "Koszalin"]
[Date "1999.08.10"]
[Round "7"]
[White "Korobov, Anton"]
[Black "Sulskis, Giedrius"]
[Result "0-1"]
[WhiteElo "2336"]
[BlackElo "2189"]

1.d4 d5 2.c4 dxc4 3.e3 e6 4.Bxc4 Nf6 5.Nf3 c5 6.O-O a6 7.Bb3 b5 8.Nc3 Bb7
9.Qe2 Nbd7 10.Rd1 Qb8 11.e4 cxd4 12.Nxd4 Bd6 13.h3 O-O 14.a3 Re8 15.Bc2 Bh2+
16.Kh1 Bf4 17.Nb3 Ra7 18.Be3 Bxe3 19.Qxe3 Ba8 20.f4 Nb6 21.e5 Nc4 22.Qg3 Nh5
23.Qh4 g6 24.Ne4 Ne3 25.Rd2 Nxc2 26.Nd6 Qd8 27.Qxd8 Rxd8 28.Rxc2 Nxf4 29.Kh2 Nd3
30.Nc8 Rad7 31.Nb6 Rb7 32.Nxa8 Rxa8 33.Na5 Rd7 34.Nc6 Kg7 35.b3 Rc8 36.Rd1 Rdc7
37.Rxd3 Rxc6 38.Rxc6 Rxc6 39.b4 g5 40.Re3 Rc4 41.Rd3 Re4 42.Rd6 Rxe5 43.Rxa6 h5
44.a4 bxa4 45.Rxa4 Re3 46.Ra8 Rb3 47.Rb8 h4 48.b5 Kf6 49.b6 Kf5 50.Rb7 f6
51.Rb8 Rb1 52.Rb7 e5 53.Rb8 Kf4 54.Rb7 f5 55.Rb8 e4 56.Rb7 e3  0-1

[Event "BCF-ch 86th"]
[Site "Scarborough"]
[Date "1999.08.11"]
[Round "10"]
[White "Berry, Neil"]
[Black "Player, Edmund C"]
[Result "1-0"]
[WhiteElo "2200"]
[BlackElo "2105"]

1.d4 d5 2.c4 dxc4 3.e3 Nf6 4.Bxc4 e6 5.Nf3 c5 6.O-O a6 7.Bb3 Be7 8.Qe2 Nc6
9.Rd1 Qc7 10.Nc3 O-O 11.a3 b5 12.d5 Na5 13.Bc2 b4 14.axb4 cxb4 15.Ne4 Nxd5
16.Neg5 g6 17.e4 Nf6 18.e5 Nh5 19.Ne4 Bb7 20.Nd6 Bxf3 21.gxf3 Nc6 22.Be4 Nxe5
23.Bxa8 Bxd6 24.Rxa6 Nc4 25.Rc6 Bxh2+ 26.Kh1 Qe5 27.Qxc4 Bf4 28.Rc8 Qf5 29.Rxf8+ Kxf8
30.Qf1 Bxc1 31.Rxc1 Nf4 32.Qg1 Kg7 33.Be4  1-0

[Event "Budapest FS08 GM"]
[Site "Budapest"]
[Date "1999.08.17"]
[Round "11"]
[White "Llanos, Guillermo"]
[Black "Skytte, Rasmus"]
[Result "1-0"]
[WhiteElo "2437"]
[BlackElo "2338"]

1.d4 d5 2.c4 dxc4 3.Nf3 e6 4.e3 Nf6 5.Bxc4 c5 6.Qe2 cxd4 7.exd4 Nc6 8.O-O Be7
9.Rd1 O-O 10.Nc3 Nb4 11.Ne5 Nbd5 12.Rd3 Nb4 13.Rg3 Qxd4 14.Bh6 Ne8 15.Rd1 Qh4
16.Bc1 Nc6 17.Rh3 Qf6 18.Bd3 Qxe5 19.Bxh7+ Kh8 20.Bf5+ Kg8 21.Rh8+  1-0

[Event "FRA-ch qual"]
[Site "Bescanon"]
[Date "1999.08.20"]
[Round "3"]
[White "Mancini, Mario"]
[Black "Colin, Vincent"]
[Result "1/2-1/2"]
[WhiteElo "2342"]
[BlackElo "2190"]

1.d4 d5 2.c4 dxc4 3.Nf3 Nf6 4.e3 e6 5.Bxc4 c5 6.O-O a6 7.Nc3 b5 8.Bd3 Bb7
9.a4 cxd4 10.exd4 b4 11.Ne2 Bxf3 12.gxf3 Bd6 13.Bg5 Qa5 14.Qd2 Nbd7 15.Ng3 h6
16.Be3 Nd5 17.Ne4 Bc7 18.Rfc1 f5 19.Nc5 f4 20.Nxe6 fxe3 21.Nxc7+ Nxc7 22.Qxe3+ Kd8
23.Be4 Nd5 24.Qb3 Nf4 25.Kh1 Rc8 26.Rxc8+ Kxc8 27.Rc1+ Kd8 28.Qf7 Rf8 29.Qxg7 Qg5
30.Qxg5+ hxg5 31.a5 Rf6 32.Rc4 b3 33.Rb4 Rd6 34.d5 Nxd5 35.Rxb3 Nf4 36.h3 Nxh3
37.Kg2 Nf4+ 38.Kg3 Ne5 39.Rb8+ Ke7 40.Rg8 Nf7 41.Ra8 Ne5 42.Ra7+ Kf8  1/2-1/2

[Event "Zurich Hilton op"]
[Site "Zurich"]
[Date "1999.08.21"]
[Round "8"]
[White "Kelecevic, Nedeljko"]
[Black "Gheorghiu, Florin"]
[Result "1/2-1/2"]
[WhiteElo "2421"]
[BlackElo "2450"]

1.d4 d5 2.Nf3 Nf6 3.c4 dxc4 4.e3 e6 5.Bxc4 c5 6.O-O a6 7.dxc5 Qxd1 8.Rxd1 Bxc5
9.a3 b5 10.Be2 Bb7 11.b4 Be7 12.Bb2 Nbd7 13.Nbd2 O-O 14.Rac1 Rac8 15.Nd4 Rxc1
16.Rxc1 Rc8 17.Rxc8+  1/2-1/2

[Event "BIH-chT"]
[Site "Bihac"]
[Date "1999.08.24"]
[Round "4"]
[White "Cvitan, Ognjen"]
[Black "Stevic, Hrvoje"]
[Result "1/2-1/2"]
[WhiteElo "2511"]
[BlackElo "2470"]

1.Nf3 d5 2.d4 Nf6 3.c4 dxc4 4.e3 e6 5.Bxc4 c5 6.O-O a6 7.Bb3 Nc6 8.Nc3 cxd4
9.exd4 Be7 10.Re1 O-O  1/2-1/2

[Event "Coulsden op"]
[Site "Coulsden"]
[Date "1999.09.05"]
[Round "8"]
[White "Murrey, Jacob"]
[Black "Lalic, Bogdan"]
[Result "1/2-1/2"]
[WhiteElo "2475"]
[BlackElo "2550"]

1.d4 d5 2.c4 dxc4 3.Nf3 Nf6 4.e3 e6 5.Bxc4 c5 6.O-O a6 7.Be2 Nc6 8.dxc5 Bxc5
9.Qxd8+ Kxd8 10.a3 Kd7 11.b4 Bd6  1/2-1/2

[Event "CRO-chT"]
[Site "Pula"]
[Date "1999.09.11"]
[Round "3"]
[White "Cvitan, Ognjen"]
[Black "Pinter, Jozsef"]
[Result "1/2-1/2"]
[WhiteElo "2511"]
[BlackElo "2556"]

1.d4 d5 2.c4 dxc4 3.Nf3 Nf6 4.e3 e6 5.Bxc4 c5 6.O-O a6 7.Bb3 cxd4 8.exd4 Nc6
9.Nc3 Be7 10.Re1 O-O 11.a3 b5 12.d5 exd5 13.Nxd5 Nxd5 14.Qxd5 Bb7 15.Qh5 Qd3
16.Ba2 Qg6 17.Qxg6 hxg6 18.Bg5 Bf6 19.Bxf6 gxf6 20.Rad1  1/2-1/2

[Event "CRO-chT"]
[Site "Pula"]
[Date "1999.09.14"]
[Round "5"]
[White "Kozul, Zdenko"]
[Black "Gyimesi, Zoltan"]
[Result "1-0"]
[WhiteElo "2612"]
[BlackElo "2531"]

1.d4 d5 2.c4 dxc4 3.Nf3 Nf6 4.e3 e6 5.Bxc4 c5 6.O-O a6 7.Bb3 Nc6 8.Qe2 cxd4
9.Rd1 Be7 10.exd4 Na5 11.Bc2 b5 12.Nc3 Bb7 13.Ne4 Nxe4 14.Bxe4 O-O 15.Bf4 Rc8
16.Bxb7 Nxb7 17.a4 Qd5 18.axb5 axb5 19.Ra7 Ra8 20.Rda1 Rxa7 21.Rxa7 Bf6 22.Be5 Rc8
23.h3 Nd6 24.Bxf6 gxf6 25.Qe3 Ra8 26.Rxa8+ Qxa8 27.Qf4 Ne8 28.Qg4+ Kf8 29.Qh5 Qa1+
30.Kh2 Qxb2 31.Qc5+ Kg7 32.d5 exd5 33.Qe7 b4 34.Qxe8 b3 35.Qe3 Qc2 36.Nd4 Qc7+
37.g3 b2 38.Nf5+ Kg6 39.Nh4+ Kg7 40.Qb3 Qc1 41.Nf5+ Kg6 42.Ne7+ Kg7 43.Qb8 b1=Q
44.Qg8+ Kh6 45.Qf8+ Kh5 46.Qxf7+ Qg6 47.Nxg6 hxg6 48.Qxf6 Qc4 49.Qh8+ Kg5
50.f4+  1-0

[Event "CRO-chT"]
[Site "Pula"]
[Date "1999.09.14"]
[Round "5"]
[White "Golubovic, Boris"]
[Black "Sermek, Drazen"]
[Result "1/2-1/2"]
[WhiteElo "2457"]
[BlackElo "2545"]

1.Nf3 d5 2.d4 Nf6 3.c4 dxc4 4.e3 e6 5.Bxc4 c5 6.O-O a6 7.Bb3 Nc6 8.Nc3 Be7
9.Qe2 cxd4 10.Rd1 e5 11.exd4 exd4 12.Nxd4 Nxd4 13.Qe5 Qd6 14.Qxd4 Qxd4 15.Rxd4 Bc5  1/2-1/2

[Event "Escaldes Tancat"]
[Site "Escaldes"]
[Date "1999.09.16"]
[Round "6"]
[White "Ivanov, Jordan"]
[Black "Jose Queralto, Daniel"]
[Result "1-0"]
[WhiteElo "2404"]
[BlackElo "2185"]

1.Nf3 d5 2.d4 Nf6 3.c4 dxc4 4.e3 e6 5.Bxc4 c5 6.O-O a6 7.Bd3 Nc6 8.a3 Be7
9.dxc5 Bxc5 10.b4 Be7 11.Bb2 O-O 12.Qc2 h6 13.Rd1 Bd7 14.Nc3 b5 15.Ne4 Rc8
16.Nc5 Nd5 17.e4 Nb6 18.Qc3 Bf6 19.e5 Na4 20.Qc2 Nxc5 21.exf6 Nxd3 22.Qxd3 Rc7
23.fxg7 Re8 24.Qe3 Kh7 25.Qf4 f5 26.Bc1 Qf6 27.Qxc7 Qxa1 28.Qxd7 Rd8 29.g8=Q+  1-0

[Event "CRO-chT (Women)"]
[Site "Pula"]
[Date "1999.09.16"]
[Round "7"]
[White "Cosma, Elena Luminita"]
[Black "Roschina, Tatiana"]
[Result "1-0"]
[WhiteElo "2388"]
[BlackElo "2248"]

1.d4 d5 2.c4 dxc4 3.Nf3 Nf6 4.e3 e6 5.Bxc4 c5 6.Qe2 a6 7.dxc5 Bxc5 8.O-O Nc6
9.e4 e5 10.Bxf7+ Kf8 11.Bb3 Bg4 12.Be3 Bd6 13.Rd1 Qc7 14.h3 Bh5 15.Nc3 Re8
16.Rac1 Qb8 17.g4 Bg6 18.Nh4 Na5 19.Bd5 b5 20.Qf3 Ke7 21.g5 Nxd5 22.Nxd5+ Ke6
23.Nf5 Ref8 24.Nxg7+ Kd7 25.Qg4+  1-0

[Event "Alushta2"]
[Site "Alushta"]
[Date "1999.09.23"]
[Round "6"]
[White "Alekseev, Vadim"]
[Black "Novopashin, Arkady"]
[Result "0-1"]
[WhiteElo "2461"]
[BlackElo "2385"]

1.d4 d5 2.c4 dxc4 3.Nf3 Nf6 4.e3 e6 5.Bxc4 c5 6.O-O a6 7.Bd3 Nc6 8.Nc3 Be7
9.a3 cxd4 10.exd4 O-O 11.Bc2 b5 12.Qd3 Bb7 13.Re1 g6 14.Bh6 Re8 15.Rad1 Rc8
16.Bb1 b4 17.axb4 Nxb4 18.Qe2 Nbd5 19.Rc1 Qb6 20.Ne5 Qxd4 21.Nxf7 Bb4 22.Be3 Nxe3
23.fxe3 Qh4 24.Ne5 Bd6 25.Nf3 Qh5 26.Rcd1 Bb8 27.Rd4 Ba7 28.Rb4 Rb8 29.Nd4 Qg5
30.Ba2 Kh8 31.Rxb7 Rxb7 32.Nxe6 Qe5 33.Qxa6 Bxe3+ 34.Kh1 Ng4 35.g3 Rxb2 36.Re2 Qxc3
37.Qa4 Rxe6 38.Bxe6 Qc1+ 39.Kg2 Rxe2+ 40.Kf3 Rf2+ 41.Kxg4 h5+  0-1

[Event "Paks 09 IM"]
[Site "Paks"]
[Date "1999.09.25"]
[Round "5"]
[White "Macsik, Tamas"]
[Black "Krutti, Valer"]
[Result "1/2-1/2"]
[WhiteElo "2184"]
[BlackElo "2357"]

1.d4 d5 2.c4 dxc4 3.Nf3 Nf6 4.e3 e6 5.Bxc4 c5 6.O-O a6 7.a4 Nc6 8.Qe2 cxd4
9.Rd1 Be7 10.exd4 O-O 11.Nc3 Nb4 12.Bg5 Bd7 13.Rac1 Bc6 14.h3 h6 15.Bxf6 Bxf6  1/2-1/2

[Event "Wch U20"]
[Site "Yerevan"]
[Date "1999.09.30"]
[Round "13"]
[White "Gershon, Alik"]
[Black "Svetushkin, Dmitry"]
[Result "0-1"]
[WhiteElo "2492"]
[BlackElo "2486"]

1.d4 d5 2.c4 dxc4 3.e3 Nf6 4.Bxc4 e6 5.Nf3 c5 6.O-O a6 7.Bb3 b5 8.a4 b4 9.Nbd2 Bb7
10.e4 cxd4 11.e5 Nfd7 12.Nc4 Nc6 13.Bg5 Qc7 14.Rc1 Bc5 15.Re1 h6 16.Bh4 O-O
17.Qd3 Rfc8 18.Bg3 Nf8 19.Nfd2 Na5 20.Nd6 Rd8 21.Rc2 Qb6 22.Rec1 Bxd6 23.exd6 Rac8
24.Rc7 Rxc7 25.dxc7 Rc8 26.Bd1 Ng6 27.Bh5 Ne7 28.Nc4 Rxc7 29.Nxb6 Rxc1+ 30.Bd1 Be4
31.Qf1 Nd5 32.Nxd5 Bxd5 33.Bf4 Ra1 34.f3 Nc4 35.Qe2 g5 36.Bc7 Ne3 37.Qxa6 Rxd1+
38.Kf2 Rd2+ 39.Ke1 Rd1+ 40.Kf2 Rd2+ 41.Ke1 Rc2 42.Be5 Nxg2+ 43.Kd1 Ne3+ 44.Ke1 Rc1+
45.Kf2 Rf1+ 46.Qxf1 Nxf1 47.Kxf1 Bxf3 48.Bxd4 Kh7 49.Kf2 Bc6 50.b3 Bd5 51.a5 Bxb3
52.Bc5 Bd5 53.Bxb4 e5 54.Bd6 f6 55.Ke3 Kg6 56.a6 h5 57.a7 Kf7 58.Bc7 Ke6
59.Bd8 g4 60.Kf2 f5 61.Kg3 f4+ 62.Kh4 Kf5 63.Kxh5 e4 64.Kh4 e3 65.Bb6 Ke4
66.Bc7 f3 67.Kg3 f2 68.Kg2 Kf5+  0-1

[Event "World Cities-ch 2nd"]
[Site "Shenyang"]
[Date "1999.10.06"]
[Round "4"]
[White "Tovsanaa, Nyamaa"]
[Black "Ganguly, Surya Shekhar"]
[Result "0-1"]
[WhiteElo "2347"]
[BlackElo "2340"]

1.d4 d5 2.c4 dxc4 3.Nf3 Nf6 4.e3 e6 5.Bxc4 c5 6.O-O a6 7.Bb3 Nc6 8.Nc3 Be7
9.Qe2 cxd4 10.Rd1 e5 11.exd4 exd4 12.Ne4 O-O 13.Bf4 Bg4 14.h3 Bh5 15.Ng3 Bg6
16.Nh4 Bd6 17.Bg5 Bxg3 18.fxg3 Qd6 19.Nxg6 hxg6 20.Qd3 Nh5 21.Kh2 Rae8 22.Rf1 Ne5
23.Qe4 Nc4 24.Qh4 Ne3 25.Rf3 Qe5 26.Re1 Nxg2 27.Bxf7+ Kh7 28.Qxh5+ gxh5 29.Rxe5 Rxe5
30.Kxg2 Rxg5 31.Bg6+ Kxg6 32.Rxf8 Rc5 33.Rf2 d3 34.Kf3 Rf5+ 35.Ke3 Rxf2 36.Kxf2 h4
37.g4 Kg5 38.Ke3 d2 39.Kxd2 Kf4 40.Ke2 Kg3 41.g5 Kxh3 42.Kf3 g6 43.Kf4 Kg2  0-1

[Event "Tatry op"]
[Site "Tatranska Lomnica"]
[Date "1999.10.06"]
[Round "5"]
[White "Koutsin, Sergey"]
[Black "Gdovin, Jan"]
[Result "1/2-1/2"]
[WhiteElo "2415"]
[BlackElo "2201"]

1.d4 d5 2.c4 dxc4 3.e3 Nf6 4.Bxc4 e6 5.Nf3 c5 6.O-O a6 7.Bd3 Nbd7 8.a4 Be7
9.Nc3 O-O 10.Qe2 Re8 11.Rd1 Qc7 12.h3 Bf8 13.Bd2 e5 14.dxe5 Nxe5 15.Nxe5 Qxe5
16.f4 Qc7 17.e4 Be6 18.e5 Bb3 19.Re1 Rad8 20.Be3 Nd5 21.Nxd5 Rxd5 22.Be4 Rd7
23.Bd2 c4 24.a5 Bc5+ 25.Kh1 Red8 26.Bc3 Bd4 27.Bb4 Bc5 28.Bc3 Bd4 29.Qh5 g6
30.Qg5 Qc5 31.Bxb7 Bxc3 32.bxc3 Bd1 33.e6 Qxg5 34.fxg5 Rxb7 35.Raxd1  1/2-1/2

[Event "Budapest FS10 IM"]
[Site "Budapest"]
[Date "1999.10.07"]
[Round "6"]
[White "Zimmerman, Yuri"]
[Black "Naes, Flovin Tor"]
[Result "1/2-1/2"]
[WhiteElo "2440"]
[BlackElo "2222"]

1.d4 d5 2.c4 dxc4 3.Nf3 Nf6 4.e3 e6 5.Bxc4 c5 6.Qe2 a6 7.dxc5 Bxc5 8.a3 Nc6
9.b4 Be7 10.Bb2 O-O 11.e4 b5 12.Bd3 Bb7 13.Nbd2 Qb6 14.h4 Nh5 15.g3 Rfd8
16.e5 g6 17.Ne4 Rac8 18.O-O Bxb4 19.axb4 Nxb4 20.Bb1 Bxe4 21.Qxe4 Rc4 22.Qe3 Qxe3
23.fxe3 Nxg3 24.Re1 Nc2 25.Bxc2 Rxc2 26.Bd4 Ne2+ 27.Kf1 Ng3+ 28.Kg1 Ne2+
29.Kf1  1/2-1/2

[Event "World Cities-ch 2nd"]
[Site "Shenyang"]
[Date "1999.10.07"]
[Round "6"]
[White "Barus, Cerdas"]
[Black "Suvrajit, Saha"]
[Result "1/2-1/2"]
[WhiteElo "2465"]
[BlackElo "2354"]

1.d4 d5 2.c4 dxc4 3.e3 Nf6 4.Bxc4 e6 5.Nf3 c5 6.O-O a6 7.Bb3 Nc6 8.Nc3 Be7
9.Qe2 cxd4 10.Rd1 O-O 11.exd4 Nb4 12.Ne5 Nbd5 13.Bg5 Nxc3 14.bxc3 Nd5 15.Bd2 Bd6
16.c4 Ne7 17.Bc3 Ng6 18.Nf3 Re8 19.Qe4 Be7 20.Rac1 Bf6 21.Ne5 Rb8 22.f4 Qe7
23.Kh1 Bd7 24.Bb4 Qxb4 25.Nxd7 Rbd8 26.Nxf6+ gxf6 27.f5 exf5 28.Qxf5 Rxd4
29.Rxd4 Re1+ 30.Qf1 Rxf1+ 31.Rxf1 Kg7 32.h3 Ne5 33.Rdf4 Qd6 34.Bc2 h6 35.Be4 b6
36.Bb7 a5 37.Bd5 Nd3 38.Rg4+ Kf8 39.Rh4 Kg7 40.Rd4 Ne5 41.Rb1 Qc5 42.Rf4 Nd3
43.Rf3 Qd4 44.a3 Kf8 45.Kh2 Qe5+ 46.Kh1 Qd4 47.Kh2 Ne5 48.Kh1  1/2-1/2

[Event "Wichern op 5th"]
[Site "Hamburg"]
[Date "1999.10.15"]
[Round "1"]
[White "Peterwitz, Klaus"]
[Black "Levin, Felix"]
[Result "0-1"]
[WhiteElo "2035"]
[BlackElo "2531"]

1.d4 d5 2.c4 dxc4 3.e3 e6 4.Bxc4 Nf6 5.Nf3 c5 6.O-O a6 7.dxc5 Bxc5 8.Qxd8+ Kxd8
9.a3 Ke7 10.b4 Bd6 11.Bb2 Nbd7 12.Nc3 b5 13.Be2 Bb7 14.Rfd1 Rac8 15.Rac1 Nb6
16.Nd2 Rc7 17.Ncb1 Na4 18.Rxc7+ Bxc7 19.Ba1 Rc8 20.Nb3 Bd5 21.N1d2 Ne4 22.Nxe4 Bxb3
23.Re1 Bd5 24.Nd2 f6 25.Bd3 h6 26.h3 Bb6 27.Kf1 g5 28.e4 Ba2 29.e5 f5 30.g4 Rf8
31.f3 Bd5 32.Ke2 h5 33.Rf1 hxg4 34.hxg4 Rh8 35.gxf5 Rh2+ 36.Ke1 exf5 37.Bxf5 Be3
38.Nb1 Bc4 39.Bc3 Nxc3 40.Nxc3 Bd2+  0-1

[Event "Zuglo Hotel op 3rd"]
[Site "Budapest"]
[Date "1999.10.21"]
[Round "6"]
[White "Wiley, Tom E"]
[Black "Naes, Flovin Tor"]
[Result "1/2-1/2"]
[WhiteElo "2302"]
[BlackElo "2222"]

1.d4 d5 2.c4 dxc4 3.Nf3 Nf6 4.e3 e6 5.Bxc4 c5 6.O-O a6 7.e4 b5 8.Bd3 Bb7
9.e5 Nd5 10.Bg5 Qc7 11.Nbd2 Nc6 12.Rc1 h6 13.Be3 Rc8 14.Ne4 cxd4 15.Bxd4 Qb8  1/2-1/2

[Event "Wch U18"]
[Site "Oropesa del Mar"]
[Date "1999.10.25"]
[Round "2"]
[White "Bastys, Robertas"]
[Black "Buhmann, Rainer"]
[Result "0-1"]
[WhiteElo "2236"]
[BlackElo "2386"]

1.d4 d5 2.c4 dxc4 3.Nf3 Nf6 4.e3 e6 5.Bxc4 c5 6.O-O a6 7.Qe2 Nc6 8.Rd1 cxd4
9.exd4 Be7 10.Nc3 O-O 11.d5 exd5 12.Bxd5 Qc7 13.Bg5 Bd7 14.Re1 Rae8 15.Qd2 Qc8
16.Red1 Bg4 17.Bxf6 Bxf6 18.Ne4 Be7 19.Qf4 Be6 20.Nd6 Bxd6 21.Qxd6 Bxd5 22.Qxd5 h6
23.Qd7 Re2 24.Qxc8 Rxc8 25.Rd2 Rxd2 26.Nxd2 Nb4 27.a3 Nd3 28.Ne4 Nxb2 29.Nd6 Rc7
30.Rb1 b5 31.g3 Na4 32.Re1 Rd7 33.Re8+ Kh7 34.Nf5 Rd5 35.Ne3 Rd3 36.Re7 Rxa3
37.Rxf7 b4 38.Nc2 Rb3 39.Ra7 Nc5 40.Rc7 Rb1+ 41.Kg2 Nd3 42.Ra7 b3 43.Na3 Ra1  0-1

[Event "EUCup final 15th"]
[Site "Bugojno"]
[Date "1999.10.31"]
[Round "3"]
[White "Nikitin, Andrey"]
[Black "Van den Doel, Erik"]
[Result "1/2-1/2"]
[WhiteElo "2386"]
[BlackElo "2528"]

1.d4 d5 2.c4 dxc4 3.Nf3 e6 4.e3 Nf6 5.Bxc4 c5 6.O-O a6 7.b3 Nbd7 8.Bb2 b5
9.Be2 Bb7 10.a4 bxa4 11.Rxa4 cxd4 12.Nxd4 Nc5 13.Ra1 Be7 14.b4 Ncd7 15.Bf3 Nd5
16.Nf5 O-O 17.Nxe7+ Qxe7 18.Nc3 N7f6 19.Nxd5 Nxd5 20.Qd4 Nf6 21.Qc5 Qxc5
22.bxc5 Bxf3 23.gxf3 Nd5 24.Be5 Rfc8 25.Bd6 a5 26.Ra3 Nb4 27.Rb1 f6 28.Ra4 Kf7
29.f4 Ke8 30.Rba1 Nc6 31.Rb1 Ra7 32.Rb6 Kd7 33.Kf1 Nd8 34.Rb5 Nb7 35.Ke2 Nxd6
36.cxd6 Rca8 37.Rb6 Ra6 38.Rb7+ Kxd6 39.Rxg7 R6a7 40.Rg1 Kc5 41.Rd4 a4 42.Rc1+ Kb5
43.Rb1+ Kc5 44.Rc1+ Kb5 45.Rb1+  1/2-1/2

[Event "Chigorin mem"]
[Site "St Petersburg"]
[Date "1999.11.04"]
[Round "3"]
[White "Yashtylov, Anatolij"]
[Black "Medvedkov, Anton"]
[Result "1/2-1/2"]
[WhiteElo "2318"]
[BlackElo "2188"]

1.d4 d5 2.c4 dxc4 3.Nf3 e6 4.e3 Nf6 5.Bxc4 c5 6.O-O a6 7.a4 Nc6 8.Qe2 cxd4
9.Rd1 Be7 10.exd4 O-O 11.Nc3 Nd5 12.Qe4 Nf6 13.Qe2 Nd5 14.h3 b6 15.Ne5 Ncb4
16.Bxd5 exd5 17.Bf4 Bf5 18.Rac1 f6 19.Ng4 Re8 20.Ne3 Bg6 21.Qf3 Bf7 22.Nf5 Bf8
23.Qg3 Bg6 24.Nh4 Bh5 25.Nf5 Bg6 26.Ne3 Qd7 27.Rd2 Rac8 28.Rcd1 Kh8 29.Qg4 Qf7
30.Qf3 Be4 31.Qe2 Bg6 32.h4 Rc6 33.Qf3 Be4 34.Qh3 Bd6 35.Qg3 Qd7 36.h5 Bxf4
37.Qxf4 Qd6 38.Qxd6 Rxd6 39.Ra1 g6 40.hxg6 hxg6 41.Ra3 a5 42.f3 Bf5 43.Nxf5 gxf5
44.Ne2 Kg7 45.Rc3 Rc6 46.Rxc6 Nxc6 47.Rc2 Re6 48.Kf2 Kf7 49.Nf4 Nxd4 50.Rd2 Nb3
51.Rxd5 Rc6 52.Rxf5 Nc5 53.Ke3 Nxa4 54.Nd3 Rc2 55.Rb5 Rxg2 56.Kd4 Rd2  1/2-1/2

[Event "FSIM November"]
[Site "Budapest HUN"]
[Date "1999.11.10"]
[Round "5"]
[White "Yu Mingyuan"]
[Black "Hu Yi"]
[Result "1-0"]
[WhiteElo "2319"]
[BlackElo "2375"]

1.d4 d5 2.Nf3 Nf6 3.c4 dxc4 4.e3 e6 5.Bxc4 c5 6.O-O Nbd7 7.Nc3 Be7 8.Qe2 a6
9.Bb3 b5 10.d5 exd5 11.Nxd5 c4 12.Nxe7 Qxe7 13.Bc2 O-O 14.a3 Bb7 15.Bd2 Rfe8
16.Rfd1 Ne5 17.Nxe5 Qxe5 18.Bc3 Qe6 19.Bd4 Nd5 20.Qh5 h6 21.Bf5 Qc6 22.Qg4 Nf6
23.Qg3 Nh5 24.Qh3 Nf6 25.f3 Bc8 26.e4 Bxf5 27.Qxf5 Rad8 28.Bc3 Qe6 29.Qxe6 fxe6
30.Ba5 Rd7 31.Rxd7 Nxd7 32.Rd1 Nc5 33.Rd6 Kf7 34.Rc6 Nd3 35.Rxa6 Nxb2 36.Rb6 Rc8
37.Rb7+ Ke8 38.Rxg7 Kf8 39.Rc7 Rxc7 40.Bxc7 c3 41.Be5 Nc4 42.Bxc3 Nxa3 43.Bb4+  1-0

[Event "Chigorin mem"]
[Site "St Petersburg"]
[Date "1999.11.10"]
[Round "9"]
[White "Ovetchkin, Roman"]
[Black "Stjazhkina, Olga"]
[Result "1-0"]
[WhiteElo "2505"]
[BlackElo "2343"]

1.d4 d5 2.Nf3 Nf6 3.c4 dxc4 4.e3 e6 5.Bxc4 c5 6.Qe2 Nc6 7.O-O cxd4 8.exd4 Be7
9.Nc3 O-O 10.Rd1 Na5 11.Bd3 b6 12.Bc2 Bb7 13.a3 Rc8 14.Ne5 Nd5 15.Qd3 f5
16.Bd2 Bf6 17.Qe2 Re8 18.Ba4 Re7 19.f3 Nc6 20.Nxd5 Qxd5 21.Bc3 a6 22.Bc2 Ree8
23.Bb1 b5 24.Ba2 Qd6 25.Qe1 Bd8 26.Kh1 Bf6 27.Rac1 Rcd8 28.Bb3 Bg5 29.Rb1 Bf4
30.Qh4 Be3 31.d5 Nxe5 32.dxe6 Nd3 33.e7+ Kh8 34.exd8=Q Qxd8 35.Qxd8 Nf2+
36.Kg1 Nxd1+ 37.Kf1 Rxd8 38.Rxd1 Rxd1+ 39.Bxd1 Kg8 40.Bb3+ Kf8 41.Be6 g6
42.Bf6 Bc5 43.Ke2 Be7 44.Be5 Bc5 45.b4 Bb6 46.Bf6 Bc7 47.h3 Bf4 48.Kd3 Bc1
49.Kc3 Be3 50.h4 h5 51.Bg5 Bxg5 52.hxg5 Ke7 53.Bb3 h4 54.Bd1 Kd6 55.Kd4 Bd5
56.Be2 Bb7 57.Ke3 Ke5 58.Bd3 Bd5 59.f4+ Kd6 60.Kf2 Ke6 61.g3 h3 62.Kg1 Bc4
63.Bb1 Kd5 64.Kh2 Kd4 65.Kxh3 Be2 66.Ba2 Bc4 67.Bb1 Be2 68.Kg2 Kc3 69.Ba2 Kb2
70.Bf7 Bh5 71.g4 Bxg4 72.Bxg6 Kxa3 73.Bh7 Kxb4 74.g6 Bh5 75.g7 Bf7 76.g8=Q Bxg8
77.Bxg8 Kc3 78.Be6 b4 79.Bxf5 b3 80.Be6 b2 81.Ba2 Kc2 82.f5 b1=Q 83.Bxb1+ Kxb1
84.f6 a5 85.f7 a4 86.f8=Q Kb2 87.Qb4+ Kc2 88.Qxa4+  1-0

[Event "ch-ESP (team) Div 2"]
[Site "Cala Galdana ESP"]
[Date "1999.11.15"]
[Round "8"]
[White "Cramling,P"]
[Black "Rodriguez,Or"]
[Result "1/2-1/2"]
[WhiteElo "2504"]
[BlackElo "2483"]

1.d4 d5 2.c4 dxc4 3.Nf3 Nf6 4.e3 e6 5.Bxc4 c5 6.dxc5 Qxd1+ 7.Kxd1 Bxc5 8.a3 a6
9.b4 Bd6 10.Bb2 b5 11.Bd3 Bb7 12.Nbd2 Nbd7 13.Ke2 Ke7 14.Rhc1 Rhc8 15.h3 h6  1/2-1/2

[Event "FSIM November"]
[Site "Budapest HUN"]
[Date "1999.11.16"]
[Round "11"]
[White "Yu Mingyuan"]
[Black "Spielmann,Al"]
[Result "1/2-1/2"]
[WhiteElo "2319"]
[BlackElo "2241"]

1.d4 d5 2.Nf3 Nf6 3.c4 dxc4 4.e3 e6 5.Bxc4 c5 6.O-O a6 7.Qe2 Nc6 8.Rd1 cxd4
9.Nc3 Be7 10.exd4 O-O 11.Bg5 Nd5 12.Bxe7 Ncxe7 13.a4 b6 14.Ne5 Bb7 15.f3 Nxc3
16.bxc3 Nd5 17.Rac1 Rc8 18.Bxd5 Qxd5 19.c4 Qa5 20.c5 bxc5 21.Nd7 Rfd8 22.Nxc5 Bd5
23.Rb1 h6 24.Qe1 Qxe1+ 25.Rxe1 Bc4 26.Rbd1 Rb8 27.Rd2 Rb4 28.Kf2 a5 29.Ke3 Rd5  1/2-1/2

[Event "Eu Team Ch (women)"]
[Site "Batumi GEO"]
[Date "1999.11.29"]
[Round "1"]
[White "Jiretorn,E"]
[Black "Danielian,E"]
[Result "1/2-1/2"]
[WhiteElo "2116"]
[BlackElo "2306"]

1.d4 d5 2.c4 dxc4 3.Nf3 Nf6 4.e3 e6 5.Bxc4 c5 6.O-O a6 7.b3 Be7 8.Bb2 Nbd7
9.Nbd2 O-O 10.Qe2 cxd4 11.Bxd4 Bd6 12.e4 e5 13.Bb2 Qe7 14.Bd3 Nc5 15.Nc4 Bg4
16.Nxd6 Qxd6 17.Rad1 Nxd3 18.Rxd3 Qe6 19.Qe3 Bxf3 20.Qxf3 Rac8 21.Rfd1 Rc2
22.R3d2 Rxd2 23.Rxd2 Rc8 24.h3 h6 25.Qf5 Qc6 26.Qxe5 Qxe4 27.Qxe4 Nxe4  1/2-1/2

[Event "Eu Team Ch"]
[Site "Batumi GEO"]
[Date "1999.12.02"]
[Round "4"]
[White "Gaprindashvili,V"]
[Black "Stevic,H"]
[Result "0-1"]
[WhiteElo "2390"]
[BlackElo "2470"]

1.d4 d5 2.c4 dxc4 3.Nf3 Nf6 4.e3 e6 5.Bxc4 c5 6.Qe2 a6 7.dxc5 Bxc5 8.O-O Qc7
9.Nbd2 Nc6 10.a3 O-O 11.b4 Bd6 12.Bb2 e5 13.h3 Qe7 14.Rac1 e4 15.Ng5 Be5
16.Bxe5 Qxe5 17.Bxf7+ Rxf7 18.Rc5 Qe8 19.Qc4 Kf8 20.f3 Re7 21.fxe4 Be6 22.Nxh7+ Kg8
23.Nxf6+ gxf6 24.Qc3 Rg7 25.Qxf6 Qg6 26.g4 Rd8 27.Qh4 Bxg4 28.Rf6 Qh7 29.Rh6 Bh5+
30.Kh1 Qxh6 31.Rxh5 Qxe3 32.Rh8+ Kf7 33.Qh5+ Ke7 34.Qh4+ Kd7  0-1

[Event "Eu Team Ch (women)"]
[Site "Batumi GEO"]
[Date "1999.12.02"]
[Round "4"]
[White "Tkeshelashvili,S"]
[Black "Henriques,S"]
[Result "1-0"]
[WhiteElo "2284"]
[BlackElo "2018"]

1.d4 d5 2.c4 dxc4 3.e3 Nf6 4.Bxc4 e6 5.Nf3 c5 6.O-O a6 7.a4 Nc6 8.Qe2 Qc7
9.Nc3 Bd6 10.Rd1 O-O 11.h3 b6 12.dxc5 Bxc5 13.e4 Nd7 14.Be3 Nce5 15.Ba2 Bb7
16.Bf4 Bd6 17.Kh1 Rad8 18.Qd2 Be7 19.Rac1 Qb8 20.Qe3 Bf6 21.Nd4 Qa8 22.Bh2 Bc8
23.f4 Nc6 24.Nxe6 Nb4 25.Nxf8 Nxa2 26.Nxd7 Nxc1 27.Qxc1  1-0

[Event "Eu Team Ch (women)"]
[Site "Batumi GEO"]
[Date "1999.12.04"]
[Round "5"]
[White "Sekulovska,V"]
[Black "Flear,C"]
[Result "0-1"]
[WhiteElo "2084"]
[BlackElo "2232"]

1.d4 d5 2.c4 dxc4 3.Nf3 Nf6 4.e3 e6 5.Bxc4 c5 6.O-O a6 7.a4 Nc6 8.Qe2 Be7
9.Rd1 Qc7 10.Nc3 O-O 11.h3 Bd7 12.dxc5 Bxc5 13.e4 Ne5 14.Ba2 Nxf3+ 15.Qxf3 Bc6
16.Bf4 Qb6 17.Qe2 Qb4 18.Bb1 Rfd8 19.Bd3 Bd4 20.Bg5 Bxc3 21.bxc3 Qxc3 22.e5 Rd5
23.Bxf6 gxf6 24.exf6 Qxf6 25.Be4 Re5 26.f3 Qf4 27.Rd4 f5  0-1

[Event "Open"]
[Site "Las Palmas ESP"]
[Date "1999.12.04"]
[Round "4"]
[White "Hernandez,Jo"]
[Black "Berenguer Martinez,J"]
[Result "0-1"]
[WhiteElo "2275"]
[BlackElo "2057"]

1.d4 d5 2.Nf3 Nf6 3.c4 dxc4 4.e3 c5 5.Bxc4 e6 6.O-O a6 7.Qe2 b5 8.Bd3 c4
9.Bc2 Bb7 10.a4 Nbd7 11.e4 Be7 12.Bg5 h6 13.Bh4 O-O 14.Na3 Bc6 15.Rfe1 Re8
16.Rad1 Qb6 17.e5 Nd5 18.Qe4 Nf8 19.Bxe7 Nxe7 20.Qg4 Bd5 21.Nd2 Rac8 22.Re3 b4
23.Nab1 a5 24.Ne4 Bxe4 25.Bxe4 Nd5 26.Rg3 g6 27.h4 c3 28.bxc3 bxc3 29.Na3 Qb2
30.h5 g5 31.Nc2 Nh7 32.Bd3 Kh8 33.Qe4 Nf8 34.Rg4 f5 35.exf6 Nxf6 36.Qe5 Nd7
37.Qe2 Nxg4 38.Qxg4 Nf6 39.Qe2 Qb6 40.Qe5 Kg7 41.Bb5 Red8 42.Re1 Kf7 43.Qe2 Qd6
44.Qd3 Rg8 45.Re3 Rg7 46.Qe2 Nd5 47.Re5 Nb4 48.Bd3 Nxd3 49.Qxd3 Qc6 50.Rxa5 Ra8
51.Rc5 Qxa4 52.Rxc3 Kg8 53.Ne3 Qe8 54.g4 Qf7 55.Qe4 Rf8 56.Rc2  0-1